书目信息 |
| 题名: |
西门子S7-200PLC应用技术
|
|
| 作者: | 张文涛 编著 | |
| 分册: | ||
| 出版信息: | 北京 北京航空航天大学出版社 2010.01 |
|
| 页数: | 332页 | |
| 开本: | 26cm | |
| 丛书名: | ||
| 单 册: | ||
| 中图分类: | TP332.3 | |
| 科图分类: | ||
| 主题词: | 可编程序控制器 | |
| 电子资源: | ||
| ISBN: | 978-7-81124-831-9 | |
| 000 | 01316nam0 2200229 450 | |
| 001 | 0011276308 | |
| 005 | 20100620151211.28 | |
| 010 | @a978-7-81124-831-9@dCNY36.00 | |
| 100 | @a20100515d2010 em y0chiy0110 ea | |
| 101 | 0 | @achi |
| 102 | @aCN@b110000 | |
| 105 | @aa a 000yy | |
| 200 | 1 | @a西门子S7-200PLC应用技术@Axi men zi S7-200PLC ying yong ji shu@f张文涛编著 |
| 210 | @a北京@c北京航空航天大学出版社@d2010.01 | |
| 215 | @a332页@c图@d26cm | |
| 320 | @a有书目 | |
| 330 | @a本书采用项目教学法,通过典型的西门子小型PLC——S7200 PLC在13个训练项目中应用,侧重学习PLC控制技术在工业产品设计生产中的应用方法。每个项目都力求与现场实际控制要求接轨,在项目中引入工程意识。本书还通过采用图纸、实际设计分析方法等内容,帮助读者更进一步地熟悉工业设计工艺和要求。本书内容包括认识PLC、电动机控制、抢答器控制、十字路口交通信号灯控制、通风机监视、液体混合装置控制、广告灯光控制、工业机械控制、运料小车运动控制、PID测量与控制、过程监控系统、网络通信技术认识、小型自动化综合应用等十三大部分。本书以理论实践一体化教学为指导,配以多个工程案例,可作为普通高校、高职高专自动化类专业PLC教学实训一体化教材,也可供从事PLC应用系统设计、调试和维护的工程技术人员自学或作为培训教材使用。 | |
| 606 | 0 | @a可编程序控制器 |
| 690 | @aTP332.3@v4 | |
| 701 | 0 | @a张文涛@Azhang wen tao@4编著 |
| 801 | 0 | @aCN@c20100515 |
| 905 | @dTP332.3@eZ190@f3 | |
| 西门子S7-200PLC应用技术/张文涛编著.-北京:北京航空航天大学出版社,2010.01 |
| 332页:图;26cm |
| ISBN 978-7-81124-831-9:CNY36.00 |
| 本书采用项目教学法,通过典型的西门子小型PLC——S7200 PLC在13个训练项目中应用,侧重学习PLC控制技术在工业产品设计生产中的应用方法。每个项目都力求与现场实际控制要求接轨,在项目中引入工程意识。本书还通过采用图纸、实际设计分析方法等内容,帮助读者更进一步地熟悉工业设计工艺和要求。本书内容包括认识PLC、电动机控制、抢答器控制、十字路口交通信号灯控制、通风机监视、液体混合装置控制、广告灯光控制、工业机械控制、运料小车运动控制、PID测量与控制、过程监控系统、网络通信技术认识、小型自动化综合应用等十三大部分。本书以理论实践一体化教学为指导,配以多个工程案例,可作为普通高校、高职高专自动化类专业PLC教学实训一体化教材,也可供从事PLC应用系统设计、调试和维护的工程技术人员自学或作为培训教材使用。 |
| ● |
| 相关链接 |
|
|
|
正题名:西门子S7-200PLC应用技术
索取号:TP332.3/Z190
 
预约/预借
| 序号 | 登录号 | 条形码 | 馆藏地/架位号 | 状态 | 备注 |
| 1 | 988567 | 209885677 | 自科库301/301自科库 61排5列2层/ [索取号:TP332.3/Z190] | 在馆 | |
| 2 | 988569 | 209885695 | 自科库301/301自科库 61排5列2层/ [索取号:TP332.3/Z190] | 在馆 |